书目信息 |
| 题名: |
二胡实用练习曲
|
|
| 作者: | 张仕安 曲 | |
| 分册: | ||
| 出版信息: | 合肥 安徽文艺出版社 1997 |
|
| 页数: | 136页 | |
| 开本: | 26cm | |
| 丛书名: | ||
| 单 册: | ||
| 中图分类: | J657.21 , J648.211 | |
| 科图分类: | ||
| 主题词: | 二胡--练习曲 , 音乐--作品--中国 | |
| 电子资源: | ||
| ISBN: | 7-5396-1574-5 | |
| 000 | 00663cam2 2200241 45 | |
| 001 | 0199025564 | |
| 005 | 20070103084141.40 | |
| 010 | @a7-5396-1574-5@dCNY13.60 | |
| 092 | @aCN@b276302 | |
| 100 | @a20060727d1997 em y0chiy0121 ea | |
| 101 | 0 | @achi |
| 102 | @aCN@b340000 | |
| 105 | @ag z 000yy | |
| 200 | 1 | @a二胡实用练习曲@AEr Hu Shi Yong Lian Xi Qu@f张仕安曲@FZhang Shi An Qu |
| 210 | @a合肥@c安徽文艺出版社@d1997 | |
| 215 | @a136页@d26cm | |
| 606 | 0 | @a二胡@x练习曲 |
| 606 | 0 | @a音乐@x作品@x中国 |
| 690 | @aJ657.21@v4 | |
| 690 | @aJ648.211@v3 | |
| 701 | 1 | @a张仕安@AZhang Shi An@4曲 |
| 801 | 0 | @aCN@bLZJZY@c20070103 |
| 905 | @a10447@dJ648.211@e102 | |
| 二胡实用练习曲/张仕安曲.-合肥:安徽文艺出版社,1997 |
| 136页;26cm |
| ISBN 7-5396-1574-5:CNY13.60 |
| ● |
| 相关链接 |
|
|
|
|
正题名:二胡实用练习曲
索取号:J648.211/102
 
预约/预借
| 序号 | 登录号 | 条形码 | 馆藏地/架位号 | 状态 | 备注 |
| 1 | 0553385 | 205533859 | 第一借阅区/ [索取号:J648.211/102] | 在馆 | |
| 2 | 0553386 | 205533868 | 第一借阅区/ [索取号:J648.211/102] | 在馆 | |
| 3 | 0553387 | 205533877 | 第一借阅区/ [索取号:J648.211/102] | 在馆 | |
| 4 | 0553388 | 205533886 | 第一借阅区/ [索取号:J648.211/102] | 在馆 | |
| 5 | 0553389 | 205533895 | 第一借阅区/ [索取号:J648.211/102] | 在馆 | |
| 6 | 0553390 | 205533902 | 第一借阅区/ [索取号:J648.211/102] | 在馆 | |
| 7 | 0553391 | 205533911 | 第一借阅区/ [索取号:J648.211/102] | 在馆 | |
| 8 | 0553392 | 205533920 | 第一借阅区/ [索取号:J648.211/102] | 在馆 | |
| 9 | 0557220 | 205572209 | 第一样本阅览室/ [索取号:J648.211/102] | 在馆 | |
| 10 | 0557221 | 205572218 | 第一借阅区/ [索取号:J648.211/102] | 在馆 | |
| 11 | 0557222 | 205572227 | 第一借阅区/ [索取号:J648.211/102] | 在馆 | |
| 12 | 0557223 | 205572236 | 第一借阅区/ [索取号:J648.211/102] | 在馆 | |
| 13 | 0557224 | 205572245 | 第一借阅区/ [索取号:J648.211/102] | 在馆 | |
| 14 | 0557225 | 205572254 | 第一借阅区/ [索取号:J648.211/102] | 在馆 | |
| 15 | 0557226 | 205572263 | 第一借阅区/ [索取号:J648.211/102] | 在馆 | |
| 16 | 0557227 | 205572272 | 第一借阅区/ [索取号:J648.211/102] | 在馆 |